| 000 | 01398cam a2200421 4500 | ||
|---|---|---|---|
| 999 |
_c23101 _d23101 |
||
| 001 | vtls011747000 | ||
| 005 | 20220127141803.0 | ||
| 008 | 210624s2018 xo er 010 fdslo | ||
| 020 |
_a9788055158822 _q(viazané) |
||
| 035 | _a8E907966-7C79-4B5E-9056-12AF2F832E4E | ||
| 035 | _aurn:nbn:sk:snk-am3ida1 | ||
| 035 | _aurn:nbn:sk:snk-am00e46l | ||
| 040 |
_aPPPK _bslo _cPPPK _dSNK _erda |
||
| 041 | 1 |
_aslo _heng |
|
| 044 |
_axo _cSK |
||
| 072 | 7 |
_a821.111(73)-3 _xAmerická próza _2konspekt |
|
| 080 |
_a821.111(73)-31 _22011 |
||
| 080 |
_a(0:82-993) _22011 |
||
| 100 | 1 |
_aRiley, Alexa _4aut _92605 |
|
| 240 | 1 | 0 |
_aEverything for her _lSlovensky |
| 245 | 1 | 0 |
_aPre ňu všetko _cAlexa Rileyová ; preložila Miriam Ghaniová |
| 264 | 1 |
_aBratislava _bIkar _c2018 |
|
| 300 |
_a325 strán _c21 cm |
||
| 336 |
_atext _btxt _2rdacontent |
||
| 337 |
_abez média _bn _2rdamedia |
||
| 338 |
_azväzok _bnc _2rdacarrier |
||
| 500 | _aPreložené z angličtiny | ||
| 500 | _aObsahuje biografické údaje o autorke | ||
| 655 | 7 |
_aamerické romány _2SNKPH _92 |
|
| 655 | 7 |
_aerotické romány _2SNKPH _94 |
|
| 655 | 7 |
_aAmerican novels _2SNKPHeng _91670 |
|
| 655 | 7 |
_aErotic novels _2SNKPHeng _95 |
|
| 700 | 1 |
_aGhaniová, Miriam _c(prekladateľka) _4trl _96 |
|
| 958 | _aLX | ||
| 958 | _aUP | ||